000
00300nam a22001337a 4500
008
170908b xxu||||| |||| 00| 0 eng d
020
_a
0385071779
041
_a
eng
080
_a
91
100
_a
42
101
_a
GJEO
245
_a
A GEOLOGIST'S VIEW OF CAPE COD
_c
STRAHLER, A.N
942
_2
udc
_c
BK
999
_c
26711
_d
26711